Skip to content
VuFind
All Fields
Title
Author
Subject
Call Number
ISBN/ISSN
Tag
Find
Advanced
Balak Blues
Cite this
Print
Export Record
Export to RefWorks
Export to EndNoteWeb
Export to EndNote
Export to MARC
Balak Blues
Bibliographic Details
Format:
Book
Holdings
Description
Similar Items
Staff View
MARC
LEADER
00000cam a2200000 7i4500
001
0000008592
002
000009365
005
20000330.0
020
|a
9839806300
090
0
0
|a
F
|b
AHA
245
1
0
|a
Balak Blues
999
|a
042224
|b
BUKU
|c
PINJAMAN
|e
PERPUSTAKAAN KOMUNITI PETALING JAYA
Similar Items
Balak cun
by: Ahadiat Akashah
Published: (1997)
Aku sepohon pokok balak
by: Siti Rusilawati Yusof
Published: (2020)
Into the blue [
by: Stockwell, John
Published: (2005)
Blue [
by: D'Souza, Anthony
The blue
by: Clarke, Lucy
Published: (2015)